000
00301nam a22001337a 4500
020
_a
978-93-83080-40-3
082
_a
894.812
_b
KRI/U
100
_a
S.KRISHNAKUMAR
245
_a
UPANYASAMALA
260
_a
TRICHUR
_b
H & C BOOKS
_c
2015
300
_a
131
650
_a
MALAYALAM ESSAYS
_z
KERALA
942
_c
BK
999
_c
1098
_d
1098